Metodika racionalizácie práce
Uložené v:
| Médium: | Kniha |
|---|---|
| Jazyk: | Slovak |
| Vydavateľské údaje: |
Bratislava
Práca
1980
|
| Vydanie: | 2. preprac. vyd. |
| Tagy: |
Žiadne tagy, Buďte prvý, kto otaguje tento záznam!
|
MARC
| LEADER | 00000nam a2200000 4500 | ||
|---|---|---|---|
| 001 | c126749 | ||
| 005 | 20050301104110.4 | ||
| 041 | 0 | |a slo | |
| 044 | |a SK | ||
| 245 | 1 | 0 | |a Metodika racionalizácie práce |
| 250 | |a 2. preprac. vyd. | ||
| 264 | 1 | |a Bratislava |b Práca |c 1980 | |
| 300 | |a 271 s. | ||